000 00818nam a2200277Ia 4500
005 20220317000347.0
008 141031s9999 ck 000 0 spa d
020 _a9786074211061
100 1 _aRosero Diago, Evelio
_dJosé, 1958-
245 1 4 _aLos almuerzos
_cEvelio Rosero
250 _a1a edición
300 _a136 páginas
_c23 cm.
490 _aAndanzas
586 _aPremio Tusquets editores de novela
650 1 4 _2LEMB
_aNovela colombiana
650 1 4 _2LEMB
_aNarraciones realistas
650 1 4 _2LEMB
_aViolencia
_vNovela
650 1 4 _2LEMB
_aLiteratura colombiana
942 _2loc
_cBKLIT
264 _aBogotá
_bTusquets
_c2009
336 _atexto
_btxt
_2rdacontent
337 _asin mediación
_bn
_2rdamedia
338 _avolumen
_bnc
_2rdacarrier
040 _aCO-BoRNBP
_bspa
_erda
_cCO-BoRNBP
084 _aN ROS2
999 _c3832
_d3832